Online Catalogue and eLibrary

Feminist Theory and the Philosophies of Man (Record no. 1679)

MARC details
000 -LEADER
fixed length control field 00481nam a2200193Ia 4500
005 - DATE AND TIME OF LATEST TRANSACTION
control field 20250127060101.0
008 - FIXED-LENGTH DATA ELEMENTS--GENERAL INFORMATION
fixed length control field 240331s9999 xx 000 0 und d
020 ## - INTERNATIONAL STANDARD BOOK NUMBER
ISBN 0415902045
082 ## - DDC Classification
Item Number - Author Mark NYE
DDC Edition Number 1152
Class No. 305.4
100 ## - MAIN ENTRY--PERSONAL NAME
Personal name Nye, A
245 #0 - TITLE STATEMENT
Title Feminist Theory and the Philosophies of Man
260 ## - PUBLICATION, DISTRIBUTION, ETC.
Place of publication, distribution, etc. New York
-- London
Name of publisher, distributor, etc. Routledge
Date of publication, distribution, etc. 1989
300 ## - PHYSICAL DESCRIPTION
Extent (e.g. Volumes, Pages etc.) x, 244 p.,
650 ## - SUBJECT ADDED ENTRY--TOPICAL TERM
Topical term or geographic name entry element Feminist Theory
650 ## - SUBJECT ADDED ENTRY--TOPICAL TERM
Topical term or geographic name entry element Philosophy
650 ## - SUBJECT ADDED ENTRY--TOPICAL TERM
Topical term or geographic name entry element Women
650 ## - SUBJECT ADDED ENTRY--TOPICAL TERM
Topical term or geographic name entry element Patriarchy
942 ## - Koha item type (Biblio)
Koha item type Books in Stacks (Lending)
Holdings
Lost status Damaged status Collection code Home library Current library Shelving location Date acquired Full call number Accession Number Item type
    Lending WERC Library WERC Library Social Science Cupboard 03/31/2024 305.4 NYE 1152 Books in Stacks (Lending)

© WERC Library